| 000 | 01066nam a2200313Ia 4500 | ||
|---|---|---|---|
| 005 | 20220316235500.0 | ||
| 008 | 121119s2001 sp a gr 000 j spa | ||
| 020 | _a843487122X | ||
| 041 | 1 | _aspa | |
| 100 | 1 |
_aWinding, Thomas _d1940- |
|
| 245 | 1 | 0 |
_aMi perro mister _cThomas Winding ; traducción del danés de Leopoldo Rodríguez Regueira ; ilustrado por Wolf Erlbruch |
| 250 | _aPrimera edición | ||
| 300 |
_a111 páginas _bilustraciones _c19 cm |
||
| 490 | 0 |
_aEl barco de vapor _v125 |
|
| 650 | 1 | 4 |
_aLiteratura danesa _ySiglo XX _2LEMB |
| 650 | 1 | 4 |
_aLiteratura infantil _2LEMB |
| 650 | 1 | 4 |
_aAutores daneses _2LEMB |
| 650 | 1 | 4 |
_aPerros _vCuentos _2LEMB |
| 650 | 1 | 4 |
_aPrincesas _vCuentos _2LEMB |
| 700 | 1 |
_aRodríguez Regueira, Leopoldo _etraductor _916656 |
|
| 700 | 1 |
_aErlbruch, Wolf _eilustrador _923633 |
|
| 942 |
_2loc _cBK |
||
| 264 |
_aMadrid _bEdiciones SM _c2001 |
||
| 336 |
_atexto _btxt _2rdacontent |
||
| 337 |
_asin mediación _bn _2rdamedia |
||
| 338 |
_avolumen _bnc _2rdacarrier |
||
| 040 |
_aCO-BoRNBP _bspa _erda _cCO-BoRNBP |
||
| 084 | _aC WIN1 | ||
| 999 |
_c1095 _d1095 |
||